MLB players - Statistics

General Stats
  • This quiz has been taken 41 times
  • The average score is 15 of 16
Answer Stats
Picture Answer % Correct
Aaron Judge
100%
Anthony Rizzo
100%
Bryce Harper
100%
Jose Altuve
100%
Juan Soto
100%
Mike Trout
100%
Mookie Betts
100%
Shohei Ohtani
100%
Trea Turner
100%
Francisco Lindor
95%
Gerrit Cole
95%
Paul Goldschmidt
95%
Pete Alonso
95%
Jacob deGrom
90%
Cedric Mullins
80%
Gunnar Henderson
75%
No matching quizzes found
Score Distribution
Percent of People with Each Score
Percentile by Number Answered
Your Score History
You have not taken this quiz